000 00307pab a2200145 454500
008 180718b1985 xxu||||| |||| 00| 0 eng d
100 _aDeshpande, G.P.
245 _aThe plural Tradition
260 _c1985
300 _a23-5
362 _aSept.
650 _aCulture
773 _aSeminar
909 _a6931
999 _c6931
_d6931